[Event "Antalya-ch"]
[Site "Antalya"]
[Date "2014.11.23"]
[Round "7"]
[White "Diribiyik, Berke"]
[Black "Saglam, Sami"]
[Result "0-1"]
[WhiteElo "1256"]
[BlackElo "1539"]
[PlyCount "106"]
[EventDate "2014.11.15"]
[EventType "swiss"]
[EventRounds "7"]
[EventCountry "TUR"]
[SourceTitle "EXT 2016"]
[Source "ChessBase"]
[SourceDate "2015.10.08"]
[SourceVersion "1"]
[SourceVersionDate "2015.10.08"]
[SourceQuality "1"]

1. e4 c5 2. Nc3 d6 3. g3 Nf6 4. f4 g6 5. Bg2 e5 6. d3 Nc6 7. Nf3 Bg4 8. h3 Bxf3 9. Bxf3 Nd4 10. 0-0 Qd7 11. Kh2 h5 12. fxe5 dxe5 13. Bg5 Nh7 14. Nd5 Bg7 15. Be3 Ne6 16. Qe2 g5 17. Bxh5 Nf4 18. gxf4 gxf4 19. Bg4 Qd6 20. Bf2 Ng5 21. h4 Ne6 22. Bxe6 fxe6 23. Nc3 a6 24. Rg1 Bf6 25. Rg4 0-0-0 26. Rag1 Qe7 27. Kg2 Rdf8 28. Kf1 Kb8 29. Ke1 Bxh4 30. Bxh4 Rxh4 31. Rxh4 Qxh4+ 32. Qf2 Qe7 33. Kd1 Qd6 34. Na4 Rc8 35. Rg5 c4 36. Qd2 cxd3 37. Qxd3 Qe7 38. Ke2 Qxg5 39. Qd6+ Ka7 40. Qb6+ Ka8 41. Nc5 Qg2+ 42. Kd3 Qf3+ 43. Kc4 Qe2+ 44. Kb4 Qb5+ 45. Qxb5 axb5 46. Nxe6 Rc4+ 47. Kxb5 Rxe4 48. c4 f3 49. Nc5 Re2 50. Nd3 f2 51. Nxf2 Rxf2 52. Kb4 Rd2 53. Kc3 Rd8 0-1

[Event "Antalya-ch"]
[Site "Antalya"]
[Date "2014.11.22"]
[Round "6"]
[White "Cetin, Selcuk"]
[Black "Diribiyik, Berke"]
[Result "1-0"]
[WhiteElo "1688"]
[BlackElo "1256"]
[PlyCount "53"]
[EventDate "2014.11.15"]
[EventType "swiss"]
[EventRounds "7"]
[EventCountry "TUR"]
[SourceTitle "EXT 2016"]
[Source "ChessBase"]
[SourceDate "2015.10.08"]
[SourceVersion "1"]
[SourceVersionDate "2015.10.08"]
[SourceQuality "1"]

1. e4 e6 2. d4 d5 3. Nc3 Nf6 4. exd5 exd5 5. Bg5 Be7 6. Bd3 Nc6 7. Nge2 0-0 8. a3 a6 9. 0-0 Be6 10. Nb1 h6 11. Bf4 Nh5 12. Be3 Bg5 13. f4 Bf6 14. h3 Be7 15. f5 Bc8 16. g4 Nf6 17. Nf4 Bd6 18. c3 Re8 19. Qf3 Bxf4 20. Bxf4 Na5 21. Nd2 b5 22. h4 Bb7 23. g5 Ne4 24. Qh5 Nxd2 25. Bxd2 Nb3 26. gxh6 Qf6 27. Bg5 1-0